El reto de los derechos humanos cuestiones actuales controvertidas /

Bibliographic Details
Main Author: Soriano Da̕z, Ramn̤
Other Authors: Marn̕ Conejo, Sergio
Format: eBook
Language:Spanish
Published: Madrid: Dykinson, 2021
Subjects:
Online Access:Acceso restringido

MARC

LEADER 00000nam a22000007a 4500
005 20210908012512.0
007 cr|||| ||||
008 210908s2021 es |||||s|||| 00||0 spa d
020 |a 978-84-1377-572-2 
035 |a 35124 
040 |a vLex 
090 |c 12323  |d 12323 
100 1 |a Soriano Da̕z, Ramn̤ 
245 1 2 |a El reto de los derechos humanos  |h [Recurso electrn̤ico] :  |b cuestiones actuales controvertidas /  |c Ramn̤ Soriano Da̕z, Sergio Marn̕ Conejo 
256 |a Servicio en ln̕ea 
260 |a Madrid:  |b Dykinson,  |c 2021 
300 |a 1 recurso electrn̤ico 
506 1 |a Disponible solo en los productos indicados  |d vLex Global  |d vLex Global (Academic Edition, excluding Law Schools)  |d vLex Global (U.S. Academic Edition, Law Schools)  |d vLex Global (U.S. Academic Edition, excluding Law Schools)  |d vLex Global (Academic Edition, Law Schools) 
650 0 4 |a Ciencias sociales  |z Espaą 
700 1 |a Marn̕ Conejo, Sergio 
740 0 |a vLex Libros (Servicio en ln̕ea) 
856 4 0 |u https://app.vlex.com/#/sources/35124  |z Acceso restringido 
942 |c BOOK 
999 0 |a Social Sciences